<A> reexamination of the relationship betwen inflation variability and money supply growth some new findings

Gespeichert in:
Bibliographische Detailangaben
1. Verfasser: Mujeri, Mustafa K.
Weitere Verfasser: Alauddin, Mohammad
Format: Buch
Sprache:Englisch
Veröffentlicht: Brisbane The University of Queensland 1992
Schriftenreihe:Discussion Paper No. 81
Schlagworte:
Tags: Tag hinzufügen
Keine Tags, Fügen Sie das erste Tag hinzu!

MARC

LEADER 00000nam a2200000 4500
001 c100347
005 20221123102322.8
022 |a 1033-4661 
041 0 |a eng 
044 |a AU 
245 1 0 |a <A> reexamination of the relationship betwen inflation variability and money supply growth  |b some new findings  |c Mustafa K. Mujeri and Mohammad Alauddin 
264 1 |a Brisbane  |b The University of Queensland  |c 1992 
300 |a 12 s. 
490 1 |a Discussion Paper  |v No. 81 
830 0 |a Discussion Paper  |v No. 81 
610 2 0 |a inflácia 
610 2 0 |a rast hospodársky 
610 2 0 |a výroba 
610 2 0 |a emisia 
610 2 0 |a teórie ekonomické 
100 1 |a Mujeri, Mustafa K. 
700 1 |a Alauddin, Mohammad